Culture Générale - Série 612 - Statistiques

Statistiques générales
  • Ce quiz a été pris 192 fois
  • Le résultat moyen est 7 sur 10
Statistiques - réponses
Question Réponse % Correct
Selon le proverbe, "c'est en forgeant qu'on devient... forgeron
97%
Chez l'enfant, les premières dents destinées à tomber vers l'âge de 6 ans, s'appellent les dents de... lait
96%
Quel est le féminin du mot "démon" ? démone
93%
Quel beignet rond est le péché mignon d'Homer Simpson ? donut
86%
Quel est le nom de la femelle du canard ? cane
84%
Quel personnage de bohémienne, créé par Prosper Mérimée en 1845, a inspiré un opéra à Bizet ? Carmen
68%
Comment se prénomme le fils d'Alain Delon, interprète de Maurice, dans le film "La Vérité si je mens" ? Anthony
53%
Par quelle comédie musicale Christophe Maé a-t-il été révélé ? Le Roi Soleil
52%
A quel célèbre illusionniste attribue-t-on une liaison avec Claudia Schiffer ? David Copperfield
50%
Dans quel département français se trouve la ville de Pézenas ? Hérault
38%
Aucun quiz correspondant
Distribution des résultats
% des personnes avec chaque résultat
Percentile par nombre de réponses
Votre historique - résultats
Vous n’avez pas pris ce quiz